000 00278nam a2200109Ia 4500
008 200302s9999 xx 000 0 und d
100 _aLinda Lee and Mark Lamster
245 _aJulie Snow Architects
260 _bPrinceton Architectural Press
260 _c2005
300 _a143 P.,
999 _c5064
_d5064